000 00455nam a2200169Ia 4500
005 20250508155651.0
008 008 250505s9999 xx 000 0 eng d
037 _aTextual
040 _aFEDL
_beng
_cFEDL
041 _aeng
_2eng
084 _a159.4, NCE
_qFEDL
100 _aNCERT
245 0 _aAchievement motive in high school boys and training for it.
300 _a288p.
942 _cTEXL
_h159.4, NCE
999 _c1358664
_d1358664